PFA Young Player of the Year - Statistics

General Stats
  • This quiz has been taken 1,313 times
    782 since last reset
  • The average score is 14 of 43
Answer Stats
Season Club Answer % Correct
2014–15 Tottenham Hotspur Harry Kane
88%
2015-16 Tottenham Hotspur Dele Alli
74%
2012–13 Tottenham Hotspur Gareth Bale
72%
2004–05 Manchester United Wayne Rooney
70%
2005–06 Manchester United Wayne Rooney
70%
1997–98 Liverpool Michael Owen
69%
2006–07 Manchester United Cristiano Ronaldo
68%
2013-14 Chelsea Eden Hazard
67%
2000–01 Liverpool Steven Gerrard
57%
1991–92 Manchester United Ryan Giggs
56%
1992–93 Manchester United Ryan Giggs
56%
1996–97 Manchester United David Beckham
53%
1994–95 Liverpool Robbie Fowler
51%
1995–96 Liverpool Robbie Fowler
51%
2007–08 Arsenal Cesc Fabregas
44%
1993–94 Newcastle United Andy Cole
43%
2008–09 Aston Villa Ashley Young
39%
2009–10 Aston Villa James Milner
34%
2010–11 Arsenal Jack Wilshere
31%
1989–90 Southampton Matthew Le Tissier
31%
2011–12 Tottenham Hotspur Kyle Walker
26%
1982–83 Liverpool Ian Rush
24%
1998–99 Arsenal Nicolas Anelka
24%
2003–04 Charlton Athletic/Chelsea Scott Parker
23%
1999–2000 Leeds United Harry Kewell
20%
1986–87 Arsenal Tony Adams
19%
1984–85 Manchester United Mark Hughes
17%
1990–91 Manchester United Lee Sharpe
15%
2002–03 Newcastle United Jermaine Jenas
13%
1987–88 Newcastle United Paul Gascoigne
13%
1975–76 Manchester City Peter Barnes
13%
1979–80 Tottenham Hotspur Glenn Hoddle
11%
1988–89 Arsenal Paul Merson
10%
1976–77 Aston Villa Andy Gray
9%
2001–02 Newcastle United Craig Bellamy
9%
1985–86 West Ham United Tony Cottee
9%
1978–79 West Bromwich Albion Cyrille Regis
7%
1980–81 Aston Villa Gary Shaw
7%
1973–74 Ipswich Town Kevin Beattie
6%
1983–84 Luton Town Paul Walsh
4%
1977–78 Nottingham Forest Tony Woodcock
4%
1981–82 Southampton Steve Moran
3%
1974–75 West Ham United Mervyn Day
2%
No matching quizzes found
Score Distribution
Percent of People with Each Score
Percentile by Number Answered
Your Score History
You have not taken this quiz since the last reset